Southville International School and Colleges
Your cart is empty.
  • Cart
  • Lists
    Public lists Eva Luna New books Lux_list list_1
    Your lists Log in to create your own lists
  • Log in to your account
  • Your cookies
  • Search history
Southville International School and Colleges
  • Advanced search
  • Recent comments
  • Most popular
  • Libraries

Log in to your account

Log in with GOOGLE


If you do not have an external account, but do have a local account, you can still log in:

  1. Home
  2. MARC view: Lights, camera… faith! :
Normal view MARC view ISBD view

Lights, camera… faith! : (Record no. 345463)

[ view plain ]
MARC details
000 -LEADER
fixed length control field 00844nam a2200313Ia 4500
008 - FIXED-LENGTH DATA ELEMENTS--GENERAL INFORMATION
fixed length control field 171120s9999 xx 000 0 und d
020 ## - INTERNATIONAL STANDARD BOOK NUMBER
International Standard Book Number 9.7897159059e+012
050 ## - LIBRARY OF CONGRESS CALL NUMBER
Classification number 261.57
050 ## - LIBRARY OF CONGRESS CALL NUMBER
Item number M257 1994
100 ## - MAIN ENTRY--PERSONAL NAME
Personal name Malone, Peter.
245 ## - TITLE STATEMENT
Title Lights, camera… faith! :
245 ## - TITLE STATEMENT
Remainder of title the ten commandments /
245 ## - TITLE STATEMENT
Statement of responsibility, etc by Peter Malone and Rose Pacatte.
260 ## - PUBLICATION, DISTRIBUTION, ETC. (IMPRINT)
Place of publication, distribution, etc Philippines :
260 ## - PUBLICATION, DISTRIBUTION, ETC. (IMPRINT)
Name of publisher, distributor, etc Paulines,
260 ## - PUBLICATION, DISTRIBUTION, ETC. (IMPRINT)
Date of publication, distribution, etc 1994
300 ## - PHYSICAL DESCRIPTION
Extent 324 pages :
300 ## - PHYSICAL DESCRIPTION
Other physical details illustrations ;
300 ## - PHYSICAL DESCRIPTION
Dimensions 23cm.
500 ## - GENERAL NOTE
General note A movie lover's guide to scripture.
650 ## - SUBJECT ADDED ENTRY--TOPICAL TERM
Topical term or geographic name as entry element Bible --
650 ## - SUBJECT ADDED ENTRY--TOPICAL TERM
Topical term or geographic name as entry element Bible --
650 ## - SUBJECT ADDED ENTRY--TOPICAL TERM
Topical term or geographic name as entry element Motion pictures --
650 ## - SUBJECT ADDED ENTRY--TOPICAL TERM
General subdivision Gospel -- Criticism, interpretation, etc.
650 ## - SUBJECT ADDED ENTRY--TOPICAL TERM
General subdivision Gospels.
650 ## - SUBJECT ADDED ENTRY--TOPICAL TERM
General subdivision Religious aspects -- Catholic church.
700 ## - ADDED ENTRY--PERSONAL NAME
Personal name Pacatte, Rose
700 ## - ADDED ENTRY--PERSONAL NAME
Personal name Title.
Holdings
Withdrawn status Lost status Damaged status Home library Current library Date acquired Total Checkouts Full call number Barcode Date last seen Price effective from Koha item type
      Stonyhurst Southville International School (Malarayat) Stonyhurst Southville International School (Malarayat) 11/20/2017   REL 261.57 M257 1994 SSISM4507 11/20/2017 11/20/2017 Books

Lights, camera… faith! :

APA

Malone P., Pacatte R. & Title.Lights, camera… faith!. Philippines: .

Chicago

Malone Peter, Pacatte Rose and Title.Lights, camera… faith!. Philippines: .

Harvard

Malone P., Pacatte R. and Title.Lights, camera… faith!. Philippines: .

MLA

Malone Peter, Pacatte Rose and Title.Philippines: . .

  • Place hold
  • Print
  • Cite
  • Add to your cart (remove)
  • Save record
    BIBTEX Dublin Core MARCXML MARC (non-Unicode/MARC-8) MARC (Unicode/UTF-8) MARC (Unicode/UTF-8, Standard) MODS (XML) RIS
  • More searches
    Search for this title in:
    Other Libraries (WorldCat) Other Databases (Google Scholar) Online Stores (Bookfinder.com) Open Library (openlibrary.org)

Exporting to Dublin Core...

SOUTHVILLE LIBRARY

Southville International School and Colleges Library

1281 Tropical Ave. Cor. Luxembourg St., BF Homes International, Las Pinas City

Tel. No. 8256374 / 252358 Loc. 117/146

Powered by Koha